| 000 | 01482nam0a2200325 4500 | ||
|---|---|---|---|
| 001 | RU\NLR\BIBL_A\011696858 | ||
| 005 | 20180704103436.0 | ||
| 010 |
_a978-5-89566-179-6 _91000 |
||
| 021 |
_aRU _bКН-П-18-1880 _9КН-П-18-025695 |
||
| 035 | _a(NLR Aleph) 011696858 | ||
| 035 | _a(RuMoRGB)009600619 | ||
| 090 |
_a11368304 _c11368304 |
||
| 100 | _a20180510d2017 m y0rusy50 ca | ||
| 101 | 1 |
_afre _crus |
|
| 102 | _aRU | ||
| 105 | _ay z 000ay | ||
| 200 | 1 |
_aBaie de Providence _econtes et nouvelles _fBoris Kornev _g[trad. du russe en français par N. Knyazeva] |
|
| 210 |
_aSaint-Pétersbourg _cIstoricheskaya illustratsiya _d2017 |
||
| 215 |
_a186, [1] с. _d23 |
||
| 300 | _aВ вып. дан.: Бухта Провидения: повести и рассказы / Борис Фёдорович Корнев | ||
| 327 | 1 | _aСодерж.: Une seule pour tous; Juge et bourreau; Correction de fautes; Baie de Providence; Une rencontre; Une tasse de thé; Instructions pour la gestion des documents; La mer est orange; Maria, tout simplement; Dernières gouttes de pluie; Quand toute la famille est là; Chapitre premier | |
| 517 | 1 |
_aБухта Провидения _eповести и рассказы |
|
| 686 |
_aШ5(2=Р)77фр. _2rubbk |
||
| 686 | 2 | _aШ6(2=Р)87франц | |
| 700 | 1 |
_aKornev _bB.F. _f1950- _gBoris Fedorovič |
|
| 942 | _cBOOK | ||
| 980 | _aNB | ||